• 首页
  • 本馆介绍
  • 公告通知
  • 最新文献
  • 馆藏检索
  • 电子资源
  • 读者导购
  • 参考咨询
  • 我的图书馆
  • 登录
  • 详细信息显示
  • 放入我的书架
  • 预约/预借图书
  • 作者相关作品
  • 分类相关作品
  • 丛书相关作品
  • 出版社相关作品

书目信息

  • 表格格式
  • 工作单格式
  • 卡片格式
题名:
消防教育法律法规
    
 
作者: 魏光朴 主编
分册: 上  
出版信息: 汕头   汕头大学出版社  2018.1
页数: 138页
开本: 22cm
丛书名: 消防安全法律法规学习读本
单 册:
中图分类: D922.144
科图分类:
主题词: 消防法--中国--学习参考资料
电子资源:
ISBN: 978-7-5658-3337-3
000 01084oam2 2200253 45
001 012001000542
005 20180920143431.53
010    @a978-7-5658-3337-3@dCNY29.80
100    @a20180118d2018 em y0chiy0110 ea
101 0  @achi
102    @aCN@b440000
105    @ay z 000yy
106    @ar
200 1  @a消防教育法律法规@9Xiao Fang Jiao Yu Fa Lv Fa Gui@h上@f魏光朴主编
210    @a汕头@c汕头大学出版社@d2018.1
215    @a138页@d22cm
225 2  @a消防安全法律法规学习读本
330    @a本作品包括了广大人民群众应知应懂、实际实用的有关消防安全的法律法规,同时附录还列举了相应的解读解答、案例分析、实施细则、政策制度、应用表格等内容,用以配套辅导学习。本套作品共计2册,分别是:《消防安全法律法规》 《消防教育法律法规》。其中《消防教育法律法规》包括《消防安全管理制度》《企业消防设施、器材维护管理制度》《消防器材管理规定》等法规法规内容。
461  0 @12001 @a消防安全法律法规学习读本
606 0  @a消防法@y中国@j学习参考资料
690    @aD922.144@v5
701  0 @a魏光朴@9Wei Guang Pu@4主编
801  0 @aCN@b上海新华@c20180901
905    @b1150767-71@dD922.144@e1870:1@f5
    
    消防教育法律法规.上/魏光朴主编.-汕头:汕头大学出版社,2018.1
    138页;22cm.-(消防安全法律法规学习读本)
    
    
    ISBN 978-7-5658-3337-3:CNY29.80
    本作品包括了广大人民群众应知应懂、实际实用的有关消防安全的法律法规,同时附录还列举了相应的解读解答、案例分析、实施细则、政策制度、应用表格等内容,用以配套辅导学习。本套作品共计2册,分别是:《消防安全法律法规》 《消防教育法律法规》。其中《消防教育法律法规》包括《消防安全管理制度》《企业消防设施、器材维护管理制度》《消防器材管理规定》等法规法规内容。
●
相关链接 在E读中查询图书 在五车中查询图书 在当当中查询图书 在豆瓣中查询图书


正题名:消防教育法律法规     索取号:D922.144/1870:1         预约/预借

序号 登录号 条形码 馆藏地/架位号 状态 备注
1 1150767   211507671   第一样本阅览室/ [索取号:D922.144/1870:1] 在馆    
2 1150768   211507680   密集书库-史法系/ [索取号:D922.144/1870:1] 在馆    
3 1150769   211507699   第一借阅区/ [索取号:D922.144/1870:1] 在馆    
4 1150770   211507706   第一借阅区/ [索取号:D922.144/1870:1] 在馆    
5 1150771   211507715   第一借阅区/ [索取号:D922.144/1870:1] 在馆    
唐山师范学院图书馆 欢迎您!
大连网信软件有限公司© 版权所有